000 01116cam a2200313 a 4500
001 24511
003 BD-RjUL
005 20211209001048.0
008 140313r19491937enka 000 0 eng d
035 _a(BD-RjUL)24578
040 _aMOD
_cMOD
_dOCL
_dBD-RjUL
_beng
041 _aeng
082 _a982.01
_bCOR
100 1 _aCollingwood, R. G.
_q(Robin George),
_d1889-1943.
_92835
245 1 0 _aRoman Britain and the English settlements /
_cby R.G. Collingwood and J.N.L. Myres
250 _a2nd ed.
260 _aOxford :
_bClarendon Press,
_c1937 [reprinted 1949]
300 _axxv, 515 p. :
_bill., maps ;
_c23 cm
490 1 _aOxford history of England ;
_vv.1
500 _a"Reprinted with corrections."
504 _aIncludes Bibliography: p. [462]-489 and index.
651 0 _aGreat Britain
_xHistory
_yRoman period, 55 B.C.-449 A.D.
_975452
651 0 _aGreat Britain
_xHistory
_yAnglo-Saxon period, 449-1066
_975453
830 0 _vv.1
_975467
700 1 _aMyres, J. N. L.
_q(John Nowell Linton)
_973977
830 0 _aOxford history of England ;
_975468
942 _2ddc
_cBK
999 _c24511
_d24511